[Event "SWE-chT 1213"]
[Site "Sweden"]
[Date "2012.10.05"]
[Round "1"]
[White "Hultin, Johan"]
[Black "Ziegler, Ari"]
[Result "0-1"]
[WhiteElo "2351"]
[BlackElo "2428"]
[PlyCount "92"]
[EventDate "2012.10.05"]
[EventType "team-tourn"]
[EventRounds "9"]
[EventCountry "SWE"]
[SourceTitle "EXT 2014"]
[Source "ChessBase"]
[SourceDate "2013.11.20"]
[SourceVersion "1"]
[SourceVersionDate "2013.11.20"]
[SourceQuality "1"]
[WhiteTeam "Manhem"]
[BlackTeam "Orgryte"]
[WhiteTeamCountry "SWE"]
[BlackTeamCountry "SWE"]

1. d4 Nf6 2. c4 c5 3. d5 e6 4. Nc3 exd5 5. cxd5 d6 6. Nf3 g6 7. Nd2 Nbd7 8. e4 a6 9. a4 Bg7 10. Be2 0-0 11. 0-0 Re8 12. Qc2 Rb8 13. Re1 Qc7 14. Kh1 g5 15. Nf1 g4 16. Ng3 Ne5 17. Nd1 Ng6 18. Ne3 Nh4 19. a5 Qe7 20. f3 Kh8 21. Bd2 Rg8 22. fxg4 Bh6 23. Nef5 Nxf5 24. Nxf5 Bxf5 25. Bxh6 Bxg4 26. Qc3 Bxe2 27. Rxe2 Rg6 28. Bf4 Kg8 29. Rae1 Re8 30. h3 Qd8 31. b4 Nd7 32. bxc5 Nxc5 33. e5 f5 34. e6 Ne4 35. Rxe4 fxe4 36. Rxe4 Qh4 37. Qe3 Qh5 38. Qd2 Qf5 39. Rb4 Rf8 40. Kh2 Rc8 41. Rxb7 h5 42. Qd4 h4 43. Rb2 Qf8 44. Qe4 Qf6 45. Bxd6 Qg5 46. Bf4 Qg3+ 0-1

[Event "SWE-chT 1112"]
[Site "Sweden"]
[Date "2012.03.10"]
[Round "8"]
[White "Hultin, Johan"]
[Black "Vernersson, Per"]
[Result "1/2-1/2"]
[WhiteElo "2307"]
[BlackElo "2370"]
[PlyCount "79"]
[EventDate "2011.10.07"]
[EventType "team-tourn"]
[EventRounds "9"]
[EventCountry "SWE"]
[SourceTitle "EXT 2013"]
[Source "ChessBase"]
[SourceDate "2012.11.22"]
[SourceVersion "1"]
[SourceVersionDate "2012.11.22"]
[SourceQuality "1"]
[WhiteTeam "Manhem"]
[BlackTeam "Eksjo"]
[WhiteTeamCountry "SWE"]
[BlackTeamCountry "SWE"]

1. d4 d5 2. c4 dxc4 3. Nf3 Nf6 4. e3 e6 5. Bxc4 c5 6. 0-0 a6 7. dxc5 Bxc5 8. Qxd8+ Kxd8 9. Nbd2 Ke7 10. Ng5 b5 11. Nde4 Nxe4 12. Nxe4 Bb4 13. Be2 Bb7 14. Bd2 Bxd2 15. Nxd2 Rc8 16. Nb3 Nd7 17. Na5 Bd5 18. Rfc1 Nc5 19. Kf1 f5 20. g3 Na4 21. b3 Nc3 22. Bd3 Bf3 23. Ke1 Rc7 24. Nc4 b4 25. a3 a5 26. Ne5 Bd5 27. axb4 axb4 28. Rxa8 Bxa8 29. Ra1 Bd5 30. Bc4 Kf6 31. f4 Bxc4 32. Nxc4 Rxc4 33. bxc4 b3 34. Kd2 b2 35. Rh1 b1Q 36. Rxb1 Nxb1+ 37. Kc2 Na3+ 38. Kb3 Nb1 39. Kc2 Na3+ 40. Kb3 1/2-1/2

[Event "SWE-chT 1112"]
[Site "Sweden"]
[Date "2011.10.09"]
[Round "3"]
[White "Wiedenkeller, Michael"]
[Black "Hultin, Johan"]
[Result "1-0"]
[WhiteElo "2473"]
[BlackElo "2307"]
[PlyCount "109"]
[EventDate "2011.10.07"]
[EventType "team-tourn"]
[EventRounds "9"]
[EventCountry "SWE"]
[SourceTitle "EXT 2012"]
[Source "ChessBase"]
[SourceDate "2011.11.24"]
[SourceVersion "1"]
[SourceVersionDate "2011.11.24"]
[SourceQuality "1"]
[WhiteTeam "Umea Rockaden"]
[BlackTeam "Manhem"]
[WhiteTeamCountry "SWE"]
[BlackTeamCountry "SWE"]

1. d4 d5 2. c4 e6 3. Nc3 Be7 4. Nf3 Nf6 5. Bg5 0-0 6. e3 h6 7. Bxf6 Bxf6 8. Qc2 c5 9. dxc5 Qa5 10. cxd5 Qxc5 11. 0-0-0 Bxc3 12. Qxc3 Qxc3+ 13. bxc3 exd5 14. Rxd5 Be6 15. Rd2 Nd7 16. Nd4 Nb6 17. Nxe6 fxe6 18. Bd3 Rac8 19. Rc2 Rc5 20. Rd1 Rfc8 21. Kd2 Nd5 22. Rb1 b6 23. c4 Nf6 24. Rb5 R5c6 25. f3 Nd7 26. Be2 Nc5 27. Ke1 Kf7 28. Rd2 Ke7 29. Rb1 R8c7 30. h4 Nb7 31. Rd4 Nd6 32. Rg4 Kf6 33. Rb4 Rc5 34. Bd3 g5 35. hxg5+ hxg5 36. Rd4 Nf5 37. Bxf5 Kxf5 38. Ke2 e5 39. Rd6 g4 40. Kd3 gxf3 41. gxf3 Rh7 42. Rb5 Rxb5 43. cxb5 Rh2 44. e4+ Kg5 45. Ke3 Rc2 46. Re6 Rc3+ 47. Kf2 Rc5 48. a4 Kh4 49. Rh6+ Kg5 50. Rh7 a6 51. bxa6 Ra5 52. Rf7 Rxa6 53. Rf5+ Kh4 54. Rxe5 Rxa4 55. Rb5 1-0

[Event "SWE-chT 1011"]
[Site "Sweden"]
[Date "2010.10.10"]
[Round "3"]
[White "Agrest, Evgenij"]
[Black "Hultin, Johan"]
[Result "1-0"]
[WhiteElo "2585"]
[BlackElo "2320"]
[PlyCount "109"]
[EventDate "2010.10.08"]
[EventType "team-tourn"]
[EventRounds "11"]
[EventCountry "SWE"]
[SourceTitle "CBM 138 Extra"]
[Source "ChessBase"]
[SourceDate "2010.10.29"]
[SourceVersion "1"]
[SourceVersionDate "2010.10.29"]
[SourceQuality "1"]
[WhiteTeam "Team Viking"]
[BlackTeam "Manhem"]
[WhiteTeamCountry "SWE"]
[BlackTeamCountry "SWE"]

1. c4 Nf6 2. Nf3 c5 3. g3 g6 4. Bg2 Bg7 5. d4 cxd4 6. Nxd4 0-0 7. Nc2 Nc6 8. 0-0 d6 9. Nc3 Be6 10. b3 Qd7 11. Re1 Rad8 12. e4 Bh3 13. Qd2 Bxg2 14. Kxg2 Ne8 15. Bb2 Nc7 16. Rad1 b5 17. Ne3 bxc4 18. Nxc4 Ne5 19. Ne3 Ng4 20. Ned5 Nf6 21. Nb4 e6 22. f3 Qc8 23. Na4 Qb7 24. Rc1 Na6 25. Nc6 Rd7 26. Qe2 Nb8 27. Na5 Qa6 28. b4 Qxe2+ 29. Rxe2 Rfd8 30. b5 Ne8 31. Rec2 Bxb2 32. Nxb2 Kf8 33. Nd3 f5 34. Nf4 Kf7 35. exf5 gxf5 36. a4 Nf6 37. Rc8 e5 38. Nh3 Nd5 39. Ng5+ Kf6 40. Nxh7+ Kg7 41. Ng5 Kg6 42. h4 Nb6 43. Rxd8 Rxd8 44. g4 Rc8 45. Rxc8 Nxc8 46. gxf5+ Kxf5 47. Ne4 d5 48. Nc5 Ne7 49. Kg3 e4 50. Nab3 Ke5 51. f4+ Kf6 52. Nd4 Nf5+ 53. Nxf5 Kxf5 54. h5 d4 55. Kf2 1-0

[Event "SWE-chT2 0910"]
[Site "Sweden"]
[Date "2010.03.12"]
[Round "7"]
[White "Furhoff, Johan"]
[Black "Hultin, Johan"]
[Result "1/2-1/2"]
[WhiteElo "2388"]
[BlackElo "2287"]
[PlyCount "23"]
[EventDate "2009.10.24"]
[EventType "team"]
[EventRounds "9"]
[EventCountry "SWE"]
[SourceTitle "EXT 2011"]
[Source "ChessBase"]
[SourceDate "2010.11.26"]
[SourceVersion "1"]
[SourceVersionDate "2010.11.26"]
[SourceQuality "1"]
[WhiteTeam "Sodra"]
[BlackTeam "Orgryte"]
[WhiteTeamCountry "SWE"]
[BlackTeamCountry "SWE"]

1. e4 c5 2. Nc3 d6 3. f4 g6 4. Nf3 Bg7 5. Bb5+ Bd7 6. Bxd7+ Qxd7 7. 0-0 Nc6 8. a3 Nf6 9. d3 0-0 10. h3 d5 11. e5 Ne8 12. d4 1/2-1/2

[Event "SWE-chT 0809"]
[Site "Sweden"]
[Date "2009.02.28"]
[Round "8"]
[White "Johansson, Jan"]
[Black "Hultin, Johan"]
[Result "1/2-1/2"]
[WhiteElo "2464"]
[BlackElo "2306"]
[PlyCount "88"]
[EventDate "2008.10.25"]
[EventType "team-tourn"]
[EventRounds "11"]
[EventCountry "SWE"]
[SourceTitle "EXT 2011"]
[Source "ChessBase"]
[SourceDate "2010.11.26"]
[SourceVersion "1"]
[SourceVersionDate "2010.11.26"]
[SourceQuality "1"]

1. d4 Nf6 2. Nf3 e6 3. c4 b6 4. Nc3 Bb7 5. e3 Bb4 6. Bd3 0-0 7. 0-0 d5 8. cxd5 exd5 9. Ne5 Nbd7 10. f4 c5 11. Bd2 c4 12. Bc2 a6 13. Rf3 Bxc3 14. Bxc3 Ne4 15. Rh3 f6 16. Qh5 h6 17. Bxe4 fxe5 18. Bf5 exf4 19. exf4 Nf6 20. Qg6 Bc8 21. Bxc8 Qxc8 22. Rxh6 Re8 23. Rh3 Qg4 24. Qxg4 Nxg4 25. Rg3 Nf6 26. Rg5 b5 27. Re5 a5 28. a3 Kf7 29. h3 Rxe5 30. dxe5 Ne4 31. Bd4 Nd2 32. Re1 Ke6 33. Kf2 b4 34. g4 g6 35. Ke3 c3 36. axb4 axb4 37. bxc3 Nc4+ 38. Kd3 b3 39. Rb1 Ra2 40. Be3 Rh2 41. Rxb3 Rxh3 42. Kd4 Rxe3 43. Rb6+ Nxb6 44. Kxe3 g5 1/2-1/2